Wird geladen...

Teacher: moral influences employed in the instruction and governance of the young students

Bibliographische Detailangaben
1. Verfasser: Abbott,Jacob
Format: Printed Book
Veröffentlicht: New Delhi Cosmo 2006
Schlagworte:
LEADER 00562cam a2200169ua 4500
020 |a 81-307-0271-1 
082 |a 371.1  |b ABB/T 
100 0 |a Abbott,Jacob. 
245 1 0 |a Teacher: moral influences employed in the instruction and governance of the young students  
260 |a New Delhi  |b Cosmo  |c 2006 
300 |a 324p. 
500 |a Includes index. 
650 |a Education- Teaching 
650 0 |a Teaching- Instructions 
942 |c BK 
999 |c 17568  |d 17568 
952 |0 0  |1 0  |4 0  |6 371_100000000000000_ABBT  |7 0  |9 18317  |a KUCL  |b KUCL  |d 2014-05-23  |l 0  |o 371.1 ABB/T  |p 18964  |r 2014-05-23  |y BK